| 000 | 00680nam a2200241Ia 4500 | ||
|---|---|---|---|
| 003 | OSt | ||
| 005 | 20220918202507.0 | ||
| 006 | a|||||r|||| 00| 0 | ||
| 007 | ta | ||
| 008 | 220917b |||||||| |||| 00| 0 eng d | ||
| 024 | _a101,679 | ||
| 037 | _cTextual | ||
| 040 |
_aARTS _cARTS _beng |
||
| 041 |
_2eng _aeng |
||
| 082 | _aV236.M, L5-;1 | ||
| 100 |
_aGanesh Das _9104043 |
||
| 245 | 0 | _aChar Bagh-I-Panjab tr and ed by J S Greal and Indu Banga as Early Nineteenth Century Panjab | |
| 260 |
_aAmritsar _bGuru Nanak Univ _c1975 |
||
| 300 |
_a202p. _ccm. |
||
| 650 | _aHISTORY | ||
| 942 |
_hV236.M, L5-;1 _cTEXL _2CC |
||
| 999 |
_c225139 _d225139 |
||